000
00327nam a2200133 4500
999
_c
9424
_d
9424
003
OSt
005
20210416132448.0
008
210416b ||||| |||| 00| 0 eng d
020
_a
9789881354235
082
_a
712
245
_a
Comprehensive examples of landscape classification vol-1
260
_a
chaina
_b
Artpower
942
_2
ddc